Welcome to CU Library Online Public Access Catalogue (OPAC)

Mayo Clinic medical manual / (Record no. 2990)

MARC details
000 -LEADER
fixed length control field 01084cam a22003017a 4500
001 - CONTROL NUMBER
control field 17208066
005 - DATE AND TIME OF LATEST TRANSACTION
control field 20250124114221.0
008 - FIXED-LENGTH DATA ELEMENTS--GENERAL INFORMATION
fixed length control field 120313s2006 flua f 001 0 eng
020 ## - INTERNATIONAL STANDARD BOOK NUMBER
International Standard Book Number 0849390877
020 ## - INTERNATIONAL STANDARD BOOK NUMBER
International Standard Book Number 9780849390876
050 00 - LIBRARY OF CONGRESS CALL NUMBER
Classification number RC86.8
Item number .M395 2006
082 04 - DEWEY DECIMAL CLASSIFICATION NUMBER
Classification number 616.025
Edition information 22
245 00 - TITLE STATEMENT
Title Mayo Clinic medical manual /
Statement of responsibility, etc. editors, Guilherme H.M. Oliveira, Gillian C. Nesbitt, Joseph G. Murphy.
260 ## - PUBLICATION, DISTRIBUTION, ETC.
Place of publication, distribution, etc. Boca Raton, FL :
Name of publisher, distributor, etc. Mayo Clinic Scientific Press, Taylor & Francis Group,
Date of publication, distribution, etc. c2006.
300 ## - PHYSICAL DESCRIPTION
Extent xxiii, 1054 p. :
Other physical details ill. ;
Dimensions 18 cm.
500 ## - GENERAL NOTE
General note Includes index.
650 #0 - SUBJECT ADDED ENTRY--TOPICAL TERM
Topical term or geographic name entry element Emergency medicine
Form subdivision Handbooks, manuals, etc.
650 #0 - SUBJECT ADDED ENTRY--TOPICAL TERM
Topical term or geographic name entry element Diagnosis
Form subdivision Handbooks, manuals, etc.
650 12 - SUBJECT ADDED ENTRY--TOPICAL TERM
Topical term or geographic name entry element Emergency Medicine
General subdivision methods
Form subdivision Handbooks.
650 22 - SUBJECT ADDED ENTRY--TOPICAL TERM
Topical term or geographic name entry element Diagnostic Techniques and Procedures
Form subdivision Handbooks.
650 #6 - SUBJECT ADDED ENTRY--TOPICAL TERM
Topical term or geographic name entry element Médecine d'urgence
Form subdivision Guides, manuels, etc.
650 #6 - SUBJECT ADDED ENTRY--TOPICAL TERM
Topical term or geographic name entry element Diagnostics
Form subdivision Guides, manuels, etc.
700 1# - ADDED ENTRY--PERSONAL NAME
Personal name Oliveira, Guilherme H. M.
700 1# - ADDED ENTRY--PERSONAL NAME
Personal name Nesbitt, Gillian C.
700 1# - ADDED ENTRY--PERSONAL NAME
Personal name Murphy, Joseph G.
710 2# - ADDED ENTRY--CORPORATE NAME
Corporate name or jurisdiction name as entry element Mayo Clinic.
942 ## - ADDED ENTRY ELEMENTS (KOHA)
Source of classification or shelving scheme Library of Congress Classification
Koha item type Books
Suppress in OPAC No
999 ## -
-- 2990
-- 2990
Holdings
Withdrawn status Lost status Source of classification or shelving scheme Damaged status Not for loan Collection Home library Current library Shelving location Date acquired Total checkouts Full call number Barcode Date last seen Copy number Price effective from Koha item type
    Library of Congress Classification     Non-fiction Science Library (Miotso) Science Library (Miotso) General stacks 01/24/2025   RA972 OLI SLM00002369 01/24/2025 1 01/24/2025 Books
    Library of Congress Classification     Non-fiction Science Library (Miotso) Science Library (Miotso) General stacks 01/24/2025   RA972 OLI SLM00002370 01/24/2025 2 01/24/2025 Books
    Library of Congress Classification     Non-fiction Science Library (Miotso) Science Library (Miotso) General stacks 01/24/2025   RA972 OLI SLM00002371 01/24/2025 3 01/24/2025 Books
© 2023-2024 Copyright: Central University Libraries. All Rights Reserved | Created by: Mahone Tech Office